VM i Fodbold 2018 - Finalen 8 Hold - Statistics

General Stats
  • This quiz has been taken 133 times
  • The average score is 4 of 8
Answer Stats
land % Correct
Frankrig
96%
Kroatien
79%
England
70%
Brasilien
64%
Rusland
34%
Portugal
33%
Sverige
30%
Uruguay
23%
No matching quizzes found
Score Distribution
Percent of People with Each Score
Percentile by Number Answered
Your Score History
You have not taken this quiz